[Event "Grand Swiss "]
[Date "2025.09.06"]
[White "Madaminov, Mukhiddin"]
[Black "Vokhidov, Shamsiddin"]
[WhiteElo "2560"]
[BlackElo "2645"]
[Round "3.3.40"]
[Result "1/2-1/2"]

1. e4 {[%clk 01:40:50] [%emt 00:00:09]} c5 {[%clk 01:40:47] [%emt 00:00:14]} 2.
Nf3 {[%clk 01:41:10] [%emt 00:00:08]} d6 {[%clk 01:41:09] [%emt 00:00:09]} 3. d4
{[%clk 01:41:33] [%emt 00:00:07]} cxd4 {[%clk 01:41:35] [%emt 00:00:05]} 4. Nxd4
{[%clk 01:41:53] [%emt 00:00:08]} Nf6 {[%clk 01:42:02] [%emt 00:00:05]} 5. Nc3
{[%clk 01:42:08] [%emt 00:00:11]} a6 {[%clk 01:42:27] [%emt 00:00:09]} 6. Bd3
{[%clk 01:42:31] [%emt 00:00:07]} e5 {[%clk 01:36:01] [%emt 00:06:56]} 7. Nde2
{[%clk 01:41:20] [%emt 00:01:41]} Nc6 {[%clk 01:36:18] [%emt 00:00:13]} 8. O-O
{[%clk 01:41:22] [%emt 00:00:26]} Be6 {[%clk 01:36:06] [%emt 00:00:44]} 9. f4
{[%clk 01:41:45] [%emt 00:00:05]} exf4 {[%clk 01:36:11] [%emt 00:00:27]} 10.
Nxf4 {[%clk 01:42:08] [%emt 00:00:06]} Ne5 {[%clk 01:36:33] [%emt 00:00:09]} 11.
Be3 {[%clk 01:42:32] [%emt 00:00:05]} Be7 {[%clk 01:36:20] [%emt 00:00:44]} 12.
a4 {[%clk 01:40:09] [%emt 00:02:51]} O-O {[%clk 01:29:21] [%emt 00:07:31]} 13.
h3 {[%clk 01:38:52] [%emt 00:01:47]} Rc8 {[%clk 01:28:16] [%emt 00:01:35]} 14.
Bd4 {[%clk 01:36:20] [%emt 00:02:58]} Qa5 {[%clk 01:19:01] [%emt 00:09:48]} 15.
Kh1 {[%clk 01:31:37] [%emt 00:05:13]} Qb4 {[%clk 01:01:57] [%emt 00:17:35]} 16.
Ncd5 {[%clk 01:27:42] [%emt 00:04:24]} Bxd5 {[%clk 01:02:16] [%emt 00:00:12]}
17. exd5 {[%clk 01:26:58] [%emt 00:01:11]} Nxd3 {[%clk 00:56:45] [%emt
00:06:03]} 18. Qxd3 {[%clk 01:27:10] [%emt 00:00:15]} Qc4 {[%clk 00:55:49] [%emt
00:01:29]} 19. Qxc4 {[%clk 01:20:01] [%emt 00:07:39]} Rxc4 {[%clk 00:56:15]
[%emt 00:00:04]} 20. c3 {[%clk 01:20:21] [%emt 00:00:10]} Nd7 {[%clk 00:49:08]
[%emt 00:07:38]} 21. b3 {[%clk 01:17:58] [%emt 00:02:52]} Rcc8 {[%clk 00:49:12]
[%emt 00:00:28]} 22. a5 {[%clk 01:12:35] [%emt 00:05:52]} Rfe8 {[%clk 00:46:01]
[%emt 00:03:41]} 23. c4 {[%clk 01:08:25] [%emt 00:04:39]} Bg5 {[%clk 00:37:48]
[%emt 00:08:44]} 24. Nd3 {[%clk 01:05:10] [%emt 00:03:44]} Re4 {[%clk 00:32:11]
[%emt 00:06:08]} 25. Bf2 {[%clk 01:04:32] [%emt 00:01:07]} Rce8 {[%clk 00:31:01]
[%emt 00:01:41]} 26. Bg3 {[%clk 01:00:52] [%emt 00:04:09]} Rd4 {[%clk 00:29:56]
[%emt 00:01:35]} 27. Rf3 {[%clk 00:52:40] [%emt 00:08:42]} Bf6 {[%clk 00:29:31]
[%emt 00:00:56]} 28. Raf1 {[%clk 00:47:43] [%emt 00:05:27]} Ne5 {[%clk 00:26:02]
[%emt 00:04:00]} 29. Nxe5 {[%clk 00:38:39] [%emt 00:09:33]} dxe5 {[%clk
00:26:28] [%emt 00:00:05]} 30. Bf2 {[%clk 00:36:08] [%emt 00:03:01]} Rd2 {[%clk
00:26:36] [%emt 00:00:22]} 31. Be3 {[%clk 00:35:43] [%emt 00:00:56]} Rb2 {[%clk
00:22:53] [%emt 00:04:13]} 32. Bb6 {[%clk 00:32:16] [%emt 00:03:56]} e4 {[%clk
00:20:00] [%emt 00:03:23]} 33. Re1 {[%clk 00:32:05] [%emt 00:00:42]} Be7 {[%clk
00:17:54] [%emt 00:02:36]} 34. Rfe3 {[%clk 00:23:07] [%emt 00:09:27]} f5 {[%clk
00:18:08] [%emt 00:00:16]} 35. Rd1 {[%clk 00:09:17] [%emt 00:14:21]} 1/2-1/2

[Site "Europe Echecs"]

[Event "Grand Swiss "]
[Date "2025.09.06"]
[White "Samunenkov, Ihor"]
[Black "Chigaev, Maksim"]
[WhiteElo "2550"]
[BlackElo "2638"]
[Round "3.3.41"]
[Result "1/2-1/2"]

1. e4 {[%clk 01:40:55] [%emt 00:00:05]} e5 {[%clk 01:40:51] [%emt 00:00:09]} 2.
Nf3 {[%clk 01:41:16] [%emt 00:00:09]} Nc6 {[%clk 01:41:14] [%emt 00:00:07]} 3.
Nc3 {[%clk 01:41:39] [%emt 00:00:08]} Nf6 {[%clk 01:39:50] [%emt 00:01:53]} 4.
d4 {[%clk 01:41:55] [%emt 00:00:15]} exd4 {[%clk 01:38:49] [%emt 00:01:31]} 5.
Nxd4 {[%clk 01:42:16] [%emt 00:00:09]} Bc5 {[%clk 01:34:55] [%emt 00:04:24]} 6.
Be3 {[%clk 01:42:26] [%emt 00:00:20]} Bb6 {[%clk 01:35:18] [%emt 00:00:06]} 7.
Qd2 {[%clk 01:39:29] [%emt 00:03:27]} O-O {[%clk 01:31:32] [%emt 00:04:17]} 8.
O-O-O {[%clk 01:39:44] [%emt 00:00:14]} Re8 {[%clk 01:31:34] [%emt 00:00:28]} 9.
f3 {[%clk 01:39:53] [%emt 00:00:21]} d5 {[%clk 01:31:57] [%emt 00:00:07]} 10.
exd5 {[%clk 01:36:41] [%emt 00:03:42]} Nxd5 {[%clk 01:26:14] [%emt 00:06:13]}
11. Bg5 {[%clk 01:36:45] [%emt 00:00:27]} Nxc3 {[%clk 01:10:08] [%emt 00:16:36]}
12. Bxd8 {[%clk 01:36:56] [%emt 00:00:19]} Nxd1 {[%clk 01:10:35] [%emt
00:00:04]} 13. Bh4 {[%clk 01:35:25] [%emt 00:02:01]} Nxd4 {[%clk 00:58:51] [%emt
00:12:14]} 14. Kxd1 {[%clk 01:35:42] [%emt 00:00:13]} Nf5 {[%clk 00:52:32] [%emt
00:06:49]} 15. Bf2 {[%clk 01:35:40] [%emt 00:00:32]} Ne3+ {[%clk 00:50:58] [%emt
00:02:04]} 16. Kc1 {[%clk 01:26:49] [%emt 00:09:22]} Bf5 {[%clk 00:50:07] [%emt
00:01:20]} 17. Bd3 {[%clk 01:27:02] [%emt 00:00:17]} Bxd3 {[%clk 00:49:52] [%emt
00:00:45]} 18. Qxd3 {[%clk 01:13:40] [%emt 00:13:51]} Rad8 {[%clk 00:42:26]
[%emt 00:07:56]} 19. Qb5 {[%clk 01:11:34] [%emt 00:02:37]} Nxg2 {[%clk 00:29:23]
[%emt 00:13:33]} 20. Bxb6 {[%clk 01:11:48] [%emt 00:00:16]} axb6 {[%clk
00:25:46] [%emt 00:04:06]} 21. Rd1 {[%clk 00:58:03] [%emt 00:14:14]} Nf4 {[%clk
00:25:03] [%emt 00:01:14]} 22. Rxd8 {[%clk 00:53:22] [%emt 00:05:12]} Rxd8
{[%clk 00:25:08] [%emt 00:00:24]} 23. Qe5 {[%clk 00:53:41] [%emt 00:00:11]} Ne6
{[%clk 00:24:34] [%emt 00:01:05]} 24. Qe4 {[%clk 00:53:59] [%emt 00:00:12]} Nc5
{[%clk 00:19:54] [%emt 00:05:10]} 25. Qe5 {[%clk 00:49:25] [%emt 00:05:03]} Ne6
{[%clk 00:20:08] [%emt 00:00:16]} 26. h4 {[%clk 00:49:47] [%emt 00:00:08]} Rd4
{[%clk 00:16:34] [%emt 00:04:04]} 27. h5 {[%clk 00:49:03] [%emt 00:01:15]} g6
{[%clk 00:16:57] [%emt 00:00:07]} 28. c3 {[%clk 00:48:52] [%emt 00:00:41]} Rf4
{[%clk 00:16:25] [%emt 00:01:02]} 29. hxg6 {[%clk 00:36:47] [%emt 00:12:34]}
hxg6 {[%clk 00:16:52] [%emt 00:00:03]} 30. Qd5 {[%clk 00:37:04] [%emt 00:00:13]}
c6 {[%clk 00:16:33] [%emt 00:00:50]} 31. Qd3 {[%clk 00:37:29] [%emt 00:00:05]}
b5 {[%clk 00:14:36] [%emt 00:02:27]} 32. b4 {[%clk 00:14:41] [%emt 00:23:17]}
Kg7 {[%clk 00:08:44] [%emt 00:06:22]} 33. Kb2 {[%clk 00:10:30] [%emt 00:04:41]}
g5 {[%clk 00:08:42] [%emt 00:00:32]} 34. Qe3 {[%clk 00:10:00] [%emt 00:01:00]}
Kf6 {[%clk 00:07:27] [%emt 00:01:45]} 35. Kb3 {[%clk 00:08:36] [%emt 00:01:54]}
Kg7 {[%clk 00:06:48] [%emt 00:01:09]} 36. Kb2 {[%clk 00:07:42] [%emt 00:01:24]}
Kf6 {[%clk 00:07:12] [%emt 00:00:06]} 1/2-1/2

[Site "Europe Echecs"]

[Event "Grand Swiss "]
[Date "2025.09.06"]
[White "Vakhidov, Jakhongir"]
[Black "Harikrishna, Pentala"]
[WhiteElo "2521"]
[BlackElo "2704"]
[Round "3.3.42"]
[Result "0-1"]

1. e4 {[%clk 01:40:31] [%emt 00:00:28]} c5 {[%clk 01:40:52] [%emt 00:00:09]} 2.
Nf3 {[%clk 01:40:56] [%emt 00:00:05]} Nc6 {[%clk 01:41:18] [%emt 00:00:05]} 3.
Bb5 {[%clk 01:41:02] [%emt 00:00:24]} e6 {[%clk 01:41:42] [%emt 00:00:06]} 4.
O-O {[%clk 01:41:19] [%emt 00:00:13]} Nge7 {[%clk 01:42:05] [%emt 00:00:06]} 5.
c3 {[%clk 01:41:09] [%emt 00:00:40]} a6 {[%clk 01:42:03] [%emt 00:00:32]} 6. Ba4
{[%clk 01:41:34] [%emt 00:00:06]} b5 {[%clk 01:42:18] [%emt 00:00:15]} 7. Bc2
{[%clk 01:41:58] [%emt 00:00:06]} Bb7 {[%clk 01:42:05] [%emt 00:00:44]} 8. Qe2
{[%clk 01:40:58] [%emt 00:01:29]} d5 {[%clk 01:35:50] [%emt 00:06:45]} 9. d4
{[%clk 01:41:21] [%emt 00:00:07]} cxd4 {[%clk 01:34:53] [%emt 00:01:27]} 10.
cxd4 {[%clk 01:41:44] [%emt 00:00:06]} Nb4 {[%clk 01:33:33] [%emt 00:01:50]} 11.
e5 {[%clk 01:42:08] [%emt 00:00:06]} Nxc2 {[%clk 01:33:19] [%emt 00:00:45]} 12.
Qxc2 {[%clk 01:42:34] [%emt 00:00:04]} b4 {[%clk 01:30:52] [%emt 00:02:57]} 13.
Nbd2 {[%clk 01:36:23] [%emt 00:06:41]} Rc8 {[%clk 01:22:10] [%emt 00:09:12]} 14.
Qd3 {[%clk 01:25:34] [%emt 00:11:19]} Bc6 {[%clk 01:18:03] [%emt 00:04:37]} 15.
Qxa6 {[%clk 01:10:44] [%emt 00:15:20]} Rb8 {[%clk 01:15:07] [%emt 00:03:26]} 16.
Re1 {[%clk 01:11:08] [%emt 00:00:06]} Bb5 {[%clk 01:15:20] [%emt 00:00:16]} 17.
Qd6 {[%clk 01:11:34] [%emt 00:00:04]} Qxd6 {[%clk 01:15:12] [%emt 00:00:39]} 18.
exd6 {[%clk 01:12:00] [%emt 00:00:04]} Nf5 {[%clk 01:08:38] [%emt 00:07:04]} 19.
d7+ {[%clk 01:05:43] [%emt 00:06:47]} Bxd7 {[%clk 01:06:03] [%emt 00:03:04]} 20.
Nb3 {[%clk 01:06:09] [%emt 00:00:05]} Bd6 {[%clk 01:04:42] [%emt 00:01:51]} 21.
Ne5 {[%clk 01:03:59] [%emt 00:02:40]} Ba4 {[%clk 00:50:09] [%emt 00:15:03]} 22.
g4 {[%clk 01:03:20] [%emt 00:01:10]} Nh4 {[%clk 00:46:02] [%emt 00:04:36]} 23.
Bg5 {[%clk 01:00:08] [%emt 00:03:42]} Ng6 {[%clk 00:46:24] [%emt 00:00:09]} 24.
Nxg6 {[%clk 00:50:29] [%emt 00:10:09]} hxg6 {[%clk 00:44:45] [%emt 00:02:08]}
25. Nc5 {[%clk 00:45:01] [%emt 00:05:58]} Bxc5 {[%clk 00:37:18] [%emt 00:07:57]}
26. dxc5 {[%clk 00:44:57] [%emt 00:00:34]} Kd7 {[%clk 00:37:05] [%emt 00:00:43]}
27. Bf4 {[%clk 00:43:43] [%emt 00:01:44]} Rb7 {[%clk 00:34:31] [%emt 00:03:04]}
28. g5 {[%clk 00:23:15] [%emt 00:20:58]} f6 {[%clk 00:30:34] [%emt 00:04:27]}
29. Bg3 {[%clk 00:20:25] [%emt 00:03:20]} e5 {[%clk 00:29:59] [%emt 00:01:06]}
30. a3 {[%clk 00:15:01] [%emt 00:05:55]} b3 {[%clk 00:22:21] [%emt 00:08:08]}
31. Rad1 {[%clk 00:12:48] [%emt 00:02:43]} Ke6 {[%clk 00:22:18] [%emt 00:00:33]}
32. Re3 {[%clk 00:09:54] [%emt 00:03:24]} Rc8 {[%clk 00:14:40] [%emt 00:08:08]}
33. f4 {[%clk 00:08:14] [%emt 00:02:11]} Rxc5 {[%clk 00:11:22] [%emt 00:03:47]}
34. gxf6 {[%clk 00:03:42] [%emt 00:05:02]} gxf6 {[%clk 00:08:59] [%emt
00:02:53]} 35. fxe5 {[%clk 00:04:08] [%emt 00:00:05]} f5 {[%clk 00:09:18] [%emt
00:00:10]} 36. Bf2 {[%clk 00:04:15] [%emt 00:00:22]} Rc2 {[%clk 00:06:35] [%emt
00:03:13]} 37. Rg3 {[%clk 00:03:54] [%emt 00:00:51]} Be8 {[%clk 00:06:53] [%emt
00:00:12]} 38. Bd4 {[%clk 00:04:15] [%emt 00:00:10]} f4 {[%clk 00:06:45] [%emt
00:00:39]} 39. Rh3 {[%clk 00:03:54] [%emt 00:00:50]} Kf5 {[%clk 00:06:15] [%emt
00:01:00]} 40. Re1 {[%clk 00:01:51] [%emt 00:02:34]} Rc4 {[%clk 00:04:06] [%emt
00:02:38]} 41. Rd3 {[%clk 00:42:02] [%emt 00:10:18]} Ke6 {[%clk 00:52:27] [%emt
00:02:10]} 42. Bc3 {[%clk 00:31:45] [%emt 00:10:47]} g5 {[%clk 00:42:48] [%emt
00:10:08]} 43. Rh3 {[%clk 00:14:58] [%emt 00:17:17]} Bg6 {[%clk 00:36:50] [%emt
00:06:28]} 44. Rh6 {[%clk 00:15:08] [%emt 00:00:20]} Rg7 {[%clk 00:36:40] [%emt
00:00:40]} 45. Rd1 {[%clk 00:15:29] [%emt 00:00:09]} Rg8 {[%clk 00:36:02] [%emt
00:01:09]} 46. Rd4 {[%clk 00:12:00] [%emt 00:03:59]} Rxd4 {[%clk 00:34:23] [%emt
00:02:09]} 47. Bxd4 {[%clk 00:12:28] [%emt 00:00:02]} Kf5 {[%clk 00:34:37] [%emt
00:00:15]} 48. e6 {[%clk 00:07:28] [%emt 00:05:31]} Re8 {[%clk 00:33:33] [%emt
00:01:34]} 49. Rh3 {[%clk 00:07:50] [%emt 00:00:08]} Rxe6 {[%clk 00:25:41] [%emt
00:08:22]} 50. Rxb3 {[%clk 00:08:05] [%emt 00:00:15]} Re1+ {[%clk 00:25:50]
[%emt 00:00:20]} 51. Kf2 {[%clk 00:03:26] [%emt 00:05:10]} Rd1 {[%clk 00:25:07]
[%emt 00:01:13]} 52. Bc3 {[%clk 00:01:15] [%emt 00:02:41]} d4 {[%clk 00:24:00]
[%emt 00:01:37]} 53. Rb5+ {[%clk 00:01:42] [%emt 00:00:03]} Kg4 {[%clk 00:24:20]
[%emt 00:00:09]} 54. Be1 {[%clk 00:00:32] [%emt 00:01:41]} Rd3 {[%clk 00:23:48]
[%emt 00:01:02]} 55. Re5 {[%clk 00:00:33] [%emt 00:00:30]} Rf3+ {[%clk 00:20:31]
[%emt 00:03:46]} 56. Kg2 {[%clk 00:00:57] [%emt 00:00:06]} Re3 {[%clk 00:20:05]
[%emt 00:00:56]} 57. h3+ {[%clk 00:01:26] [%emt 00:00:02]} Kh5 {[%clk 00:20:30]
[%emt 00:00:05]} 58. Rxe3 {[%clk 00:01:37] [%emt 00:00:19]} dxe3 {[%clk
00:20:51] [%emt 00:00:09]} 59. Kf3 {[%clk 00:01:04] [%emt 00:01:03]} Be8 {[%clk
00:20:29] [%emt 00:00:51]} 60. b4 {[%clk 00:00:33] [%emt 00:01:01]} Bc6+ {[%clk
00:18:03] [%emt 00:02:56]} 61. Ke2 {[%clk 00:01:02] [%emt 00:00:02]} Bd7 {[%clk
00:17:41] [%emt 00:00:52]} 0-1

[Site "Europe Echecs"]

[Event "Grand Swiss "]
[Date "2025.09.06"]
[White "Sarana, Alexey"]
[Black "Volokitin, Andrei"]
[WhiteElo "2686"]
[BlackElo "2628"]
[Round "3.3.43"]
[Result "0-1"]

1. d4 {[%clk 01:40:58]} Nf6 {[%clk 01:40:53] [%emt 00:00:08]} 2. c4 {[%clk
01:41:23] [%emt 00:00:06]} g6 {[%clk 01:41:18] [%emt 00:00:05]} 3. Nf3 {[%clk
01:37:42] [%emt 00:04:11]} Bg7 {[%clk 01:41:41] [%emt 00:00:07]} 4. e3 {[%clk
01:37:57] [%emt 00:00:15]} O-O {[%clk 01:41:13] [%emt 00:00:58]} 5. Be2 {[%clk
01:38:20] [%emt 00:00:07]} c5 {[%clk 01:34:32] [%emt 00:07:11]} 6. d5 {[%clk
01:36:40] [%emt 00:02:10]} d6 {[%clk 01:33:49] [%emt 00:01:13]} 7. Nc3 {[%clk
01:36:28] [%emt 00:00:43]} e6 {[%clk 01:34:14] [%emt 00:00:05]} 8. O-O {[%clk
01:36:17] [%emt 00:00:41]} Re8 {[%clk 01:31:14] [%emt 00:03:30]} 9. h3 {[%clk
01:35:22] [%emt 00:01:24]} exd5 {[%clk 01:19:26] [%emt 00:12:19]} 10. cxd5
{[%clk 01:35:15] [%emt 00:00:37]} Ne4 {[%clk 01:18:53] [%emt 00:01:03]} 11. Nxe4
{[%clk 01:31:07] [%emt 00:04:38]} Rxe4 {[%clk 01:19:21] [%emt 00:00:03]} 12. Qc2
{[%clk 01:29:37] [%emt 00:02:00]} Re8 {[%clk 01:17:35] [%emt 00:02:16]} 13. e4
{[%clk 01:29:15] [%emt 00:00:52]} Nd7 {[%clk 01:09:33] [%emt 00:08:33]} 14. Bg5
{[%clk 01:22:45] [%emt 00:06:59]} Qc7 {[%clk 00:56:03] [%emt 00:14:01]} 15. Nd2
{[%clk 01:21:01] [%emt 00:02:15]} a6 {[%clk 00:37:17] [%emt 00:19:16]} 16. a4
{[%clk 01:13:12] [%emt 00:08:18]} Nf6 {[%clk 00:28:16] [%emt 00:09:31]} 17. Bd3
{[%clk 01:09:40] [%emt 00:04:02]} Bd7 {[%clk 00:27:02] [%emt 00:01:45]} 18. a5
{[%clk 01:08:03] [%emt 00:02:07]} Bb5 {[%clk 00:26:29] [%emt 00:01:03]} 19. Ra2
{[%clk 01:03:30] [%emt 00:05:02]} Nd7 {[%clk 00:15:56] [%emt 00:11:03]} 20. f4
{[%clk 00:56:31] [%emt 00:07:29]} Bxd3 {[%clk 00:11:37] [%emt 00:04:49]} 21.
Qxd3 {[%clk 00:55:31] [%emt 00:01:30]} c4 {[%clk 00:11:53] [%emt 00:00:14]} 22.
Qf3 {[%clk 00:51:27] [%emt 00:04:34]} b5 {[%clk 00:05:39] [%emt 00:06:44]} 23.
axb6 {[%clk 00:51:26] [%emt 00:00:31]} Qxb6+ {[%clk 00:05:49] [%emt 00:00:20]}
24. Kh1 {[%clk 00:51:42] [%emt 00:00:14]} Qd4 {[%clk 00:06:12] [%emt 00:00:07]}
25. f5 {[%clk 00:50:54] [%emt 00:01:19]} Ne5 {[%clk 00:05:59] [%emt 00:00:43]}
26. Qg3 {[%clk 00:49:52] [%emt 00:01:32]} Qd3 {[%clk 00:04:56] [%emt 00:01:32]}
27. Qxd3 {[%clk 00:46:27] [%emt 00:03:55]} cxd3 {[%clk 00:05:00] [%emt
00:00:26]} 28. f6 {[%clk 00:46:31] [%emt 00:00:26]} Bh8 {[%clk 00:04:15] [%emt
00:01:14]} 29. Be3 {[%clk 00:43:24] [%emt 00:03:38]} Rec8 {[%clk 00:02:27] [%emt
00:02:19]} 30. g4 {[%clk 00:42:57] [%emt 00:00:56]} h6 {[%clk 00:02:06] [%emt
00:00:51]} 31. Bxh6 {[%clk 00:34:41] [%emt 00:08:46]} Nd7 {[%clk 00:02:34] [%emt
00:00:02]} 32. Bg5 {[%clk 00:22:39] [%emt 00:12:33]} Rc2 {[%clk 00:02:55] [%emt
00:00:08]} 33. Ra3 {[%clk 00:20:51] [%emt 00:02:19]} Bxf6 {[%clk 00:02:10] [%emt
00:01:16]} 34. Bxf6 {[%clk 00:21:19] [%emt 00:00:02]} Rxd2 {[%clk 00:00:41]
[%emt 00:01:59]} 35. Bg5 {[%clk 00:19:29] [%emt 00:02:19]} Rxb2 {[%clk 00:01:04]
[%emt 00:00:08]} 36. Rxd3 {[%clk 00:19:39] [%emt 00:00:19]} Rc8 {[%clk 00:01:02]
[%emt 00:00:32]} 37. Bf4 {[%clk 00:18:43] [%emt 00:01:26]} Ne5 {[%clk 00:01:16]
[%emt 00:00:16]} 38. Ra3 {[%clk 00:18:53] [%emt 00:00:20]} Rcc2 {[%clk 00:01:35]
[%emt 00:00:10]} 39. g5 {[%clk 00:18:18] [%emt 00:01:05]} a5 {[%clk 00:01:39]
[%emt 00:00:26]} 40. Rd1 {[%clk 00:02:31] [%emt 00:16:16]} Nc4 {[%clk 00:01:06]
[%emt 00:01:03]} 41. Rad3 {[%clk 00:02:19] [%emt 00:00:42]} a4 {[%clk 00:27:16]
[%emt 00:24:21]} 42. e5 {[%clk 00:50:37] [%emt 00:02:11]} dxe5 {[%clk 00:26:17]
[%emt 00:01:29]} 43. Bg3 {[%clk 00:47:16] [%emt 00:03:51]} a3 {[%clk 00:18:43]
[%emt 00:08:04]} 44. d6 {[%clk 00:47:40] [%emt 00:00:05]} Rb8 {[%clk 00:19:08]
[%emt 00:00:04]} 45. d7 {[%clk 00:46:15] [%emt 00:01:56]} Rd8 {[%clk 00:19:37]
[%emt 00:00:02]} 46. Rb3 {[%clk 00:46:34] [%emt 00:00:11]} a2 {[%clk 00:19:50]
[%emt 00:00:16]} 47. Rb7 {[%clk 00:46:58] [%emt 00:00:06]} Nd6 {[%clk 00:05:23]
[%emt 00:14:58]} 48. Ra7 {[%clk 00:24:46] [%emt 00:22:42]} Ne4 {[%clk 00:05:47]
[%emt 00:00:06]} 49. Bxe5 {[%clk 00:24:57] [%emt 00:00:19]} Nf2+ {[%clk
00:06:11] [%emt 00:00:06]} 50. Kg1 {[%clk 00:25:23] [%emt 00:00:04]} Nxd1 {[%clk
00:06:35] [%emt 00:00:05]} 51. Bf6 {[%clk 00:25:51] [%emt 00:00:03]} Rf8 {[%clk
00:04:46] [%emt 00:02:19]} 52. d8=Q {[%clk 00:24:28] [%emt 00:01:53]} Rxd8
{[%clk 00:05:11] [%emt 00:00:05]} 53. Bxd8 {[%clk 00:24:56] [%emt 00:00:02]} Nc3
{[%clk 00:05:34] [%emt 00:00:06]} 54. Bf6 {[%clk 00:24:36] [%emt 00:00:50]} Rc1+
{[%clk 00:06:00] [%emt 00:00:04]} 55. Kg2 {[%clk 00:25:00] [%emt 00:00:06]} a1=Q
{[%clk 00:06:26] [%emt 00:00:05]} 56. Rxa1 {[%clk 00:25:27] [%emt 00:00:03]}
Rxa1 {[%clk 00:06:51] [%emt 00:00:04]} 57. Bxc3 {[%clk 00:25:54] [%emt
00:00:03]} Ra2+ {[%clk 00:07:18] [%emt 00:00:03]} 0-1

[Site "Europe Echecs"]

[Event "Grand Swiss "]
[Date "2025.09.06"]
[White "Sjugirov, Sanan"]
[Black "Eljanov, Pavel"]
[WhiteElo "2627"]
[BlackElo "2682"]
[Round "3.3.44"]
[Result "0-1"]

1. e4 {[%clk 01:40:56] [%emt 00:00:03]} e5 {[%clk 01:40:29] [%emt 00:00:31]} 2.
Nf3 {[%clk 01:41:20] [%emt 00:00:06]} Nc6 {[%clk 01:40:50] [%emt 00:00:08]} 3.
Bb5 {[%clk 01:41:45] [%emt 00:00:06]} a6 {[%clk 01:40:53] [%emt 00:00:27]} 4.
Ba4 {[%clk 01:42:08] [%emt 00:00:07]} Nf6 {[%clk 01:41:18] [%emt 00:00:05]} 5.
O-O {[%clk 01:42:32] [%emt 00:00:06]} Be7 {[%clk 01:41:16] [%emt 00:00:33]} 6.
Re1 {[%clk 01:42:55] [%emt 00:00:06]} b5 {[%clk 01:41:41] [%emt 00:00:06]} 7.
Bb3 {[%clk 01:43:21] [%emt 00:00:05]} O-O {[%clk 01:41:59] [%emt 00:00:11]} 8.
h3 {[%clk 01:43:47] [%emt 00:00:05]} Bb7 {[%clk 01:39:25] [%emt 00:03:04]} 9. d3
{[%clk 01:44:10] [%emt 00:00:07]} Na5 {[%clk 01:39:04] [%emt 00:00:52]} 10. Nxe5
{[%clk 01:43:27] [%emt 00:01:13]} Nxb3 {[%clk 01:39:20] [%emt 00:00:14]} 11.
axb3 {[%clk 01:43:51] [%emt 00:00:06]} d5 {[%clk 01:39:43] [%emt 00:00:07]} 12.
exd5 {[%clk 01:43:36] [%emt 00:00:45]} Qxd5 {[%clk 01:39:59] [%emt 00:00:14]}
13. Qf3 {[%clk 01:39:05] [%emt 00:05:01]} Rfb8 {[%clk 01:36:39] [%emt 00:03:50]}
14. Qxd5 {[%clk 01:36:42] [%emt 00:02:53]} Nxd5 {[%clk 01:37:01] [%emt
00:00:08]} 15. Bd2 {[%clk 01:36:39] [%emt 00:00:34]} Re8 {[%clk 01:28:13] [%emt
00:09:17]} 16. Nc3 {[%clk 01:33:58] [%emt 00:03:11]} Nb4 {[%clk 01:27:39] [%emt
00:01:05]} 17. Rac1 {[%clk 01:33:26] [%emt 00:01:03]} c5 {[%clk 01:09:28] [%emt
00:18:40]} 18. Ne4 {[%clk 01:26:08] [%emt 00:07:48]} Rad8 {[%clk 00:56:29] [%emt
00:13:28]} 19. Nf3 {[%clk 01:17:15] [%emt 00:09:24]} Bf8 {[%clk 00:49:38] [%emt
00:07:21]} 20. Bg5 {[%clk 00:46:10] [%emt 00:31:34]} Rc8 {[%clk 00:38:33] [%emt
00:11:35]} 21. Ned2 {[%clk 00:46:19] [%emt 00:00:22]} h6 {[%clk 00:30:03] [%emt
00:09:00]} 22. Rxe8 {[%clk 00:44:48] [%emt 00:02:01]} Rxe8 {[%clk 00:30:30]
[%emt 00:00:03]} 23. Be3 {[%clk 00:45:07] [%emt 00:00:10]} f5 {[%clk 00:19:11]
[%emt 00:11:49]} 24. h4 {[%clk 00:40:45] [%emt 00:04:52]} Bd6 {[%clk 00:18:56]
[%emt 00:00:45]} 25. Nb1 {[%clk 00:28:13] [%emt 00:13:02]} Bxf3 {[%clk 00:14:25]
[%emt 00:05:01]} 26. gxf3 {[%clk 00:28:39] [%emt 00:00:04]} Nd5 {[%clk 00:14:18]
[%emt 00:00:37]} 27. Nc3 {[%clk 00:07:39] [%emt 00:21:31]} Nxe3 {[%clk 00:14:30]
[%emt 00:00:18]} 28. fxe3 {[%clk 00:08:03] [%emt 00:00:06]} Rxe3 {[%clk
00:14:42] [%emt 00:00:18]} 29. Kf2 {[%clk 00:08:28] [%emt 00:00:04]} Re6 {[%clk
00:14:49] [%emt 00:00:22]} 30. Nd5 {[%clk 00:08:43] [%emt 00:00:16]} Be5 {[%clk
00:09:48] [%emt 00:05:31]} 31. c3 {[%clk 00:08:47] [%emt 00:00:26]} Rd6 {[%clk
00:08:03] [%emt 00:02:16]} 32. Ne7+ {[%clk 00:05:40] [%emt 00:03:37]} Kf7 {[%clk
00:08:24] [%emt 00:00:08]} 33. Re1 {[%clk 00:01:10] [%emt 00:05:00]} Bf6 {[%clk
00:06:45] [%emt 00:02:09]} 34. Nxf5 {[%clk 00:01:36] [%emt 00:00:04]} Rxd3
{[%clk 00:04:15] [%emt 00:03:00]} 35. Kg3 {[%clk 00:02:01] [%emt 00:00:05]} h5
{[%clk 00:03:25] [%emt 00:01:20]} 36. Kf4 {[%clk 00:00:36] [%emt 00:01:55]} g6
{[%clk 00:02:51] [%emt 00:01:04]} 37. Ne3 {[%clk 00:00:55] [%emt 00:00:11]} Bxh4
{[%clk 00:02:23] [%emt 00:00:59]} 38. Ra1 {[%clk 00:01:22] [%emt 00:00:02]} Bf2
{[%clk 00:01:15] [%emt 00:01:38]} 39. Ng2 {[%clk 00:01:03] [%emt 00:00:49]} Rd6
{[%clk 00:01:10] [%emt 00:00:35]} 40. Ke4 {[%clk 00:00:32] [%emt 00:01:02]} Re6+
{[%clk 00:01:22] [%emt 00:00:17]} 41. Kd5 {[%clk 00:50:14] [%emt 00:00:48]} Bg3
{[%clk 00:46:09] [%emt 00:05:42]} 0-1

[Site "Europe Echecs"]